| 000 | 01267cam a2200349 i 4500 | ||
|---|---|---|---|
| 001 | 18297624 | ||
| 003 | USPCAS-E | ||
| 005 | 20180118181418.0 | ||
| 008 | 140910s2013 gw b 001 0 eng | ||
| 010 | _a 2014427829 | ||
| 020 | _a9783527411740 (softcover) | ||
| 020 | _a3527411747 (softcover) | ||
| 020 | _a9783527411030 | ||
| 020 | _a3527411038 | ||
| 040 |
_aDLC _beng _cDLC _erda _dDLC |
||
| 042 | _apcc | ||
| 050 | 0 | 0 |
_aQB521 _b.F68 2013 |
| 082 |
_a523.7 _bFOU-S 2013 |
||
| 100 | 1 |
_aFoukal, Peter, _eauthor. |
|
| 245 | 1 | 0 |
_aSolar astrophysics / _cPeter V. Foukal. |
| 250 | _a3rd, revised edition. | ||
| 300 |
_axv, 472 pages : _billustrations ; _c25 cm. |
||
| 490 | 0 | _aPhysics textbook | |
| 502 | _a. | ||
| 504 | _aIncludes bibliographical references and index. | ||
| 856 | 4 | 2 |
_3Contributor biographical information _uhttp://www.loc.gov/catdir/enhancements/fy1413/2014427829-b.html |
| 856 | 4 | 2 |
_3Publisher description _uhttp://www.loc.gov/catdir/enhancements/fy1413/2014427829-d.html |
| 856 | 4 | 1 |
_3Table of contents only _uhttp://www.loc.gov/catdir/enhancements/fy1413/2014427829-t.html |
| 906 |
_a7 _bcbc _corignew _d2 _encip _f20 _gy-gencatlg |
||
| 942 |
_2ddc _cBK |
||
| 999 |
_c355934 _d355934 |
||